Malaysia : towards global competitiveness.

Bibliographic Details
Corporate Author: Ministry of International Trade and Industry Malaysia (MITI)
Format: Book
Subjects:
LEADER 00571cam a2200157 7i4500
001 0000032053
005 20150212090000.0
090 0 0 |a VID 338.604809595   |b MIN (CD) 
110 2 0 |a Ministry of International Trade and Industry Malaysia (MITI) 
245 1 0 |a Malaysia :   |b towards global competitiveness. 
300 # # |a 1 video disc (CD-ROM). 
650 0 0 |a Competition International  
650 0 0 |a Competition --   |z Malaysia  
650 0 0 |a Industrial manegement --   |z Malaysia  
651 0 0 |a Malaysia --   |x Economic conditions  
999 |a DVD000054H  |b Video CD  |c AV Collection  |e Business Information Centre